000
00161nam a2200085Ia 4500
100
_a
#N/A
942
_c
BK
245
_a
Software to empower Business
260
_b
#N/A
999
_c
25936
_d
25936